[Event "Padova Province-chT 58th"]
[Site "Padova"]
[Date "1998.01.18"]
[Round "6"]
[White "Carraro, Antonio"]
[Black "Quaranta, Gaetano"]
[Result "1/2-1/2"]
[WhiteElo "1543"]
[BlackElo "1522"]
[PlyCount "65"]
[EventDate "1998.01.10"]
[EventType "swiss"]
[EventRounds "6"]
[EventCountry "ITA"]
[SourceTitle "EXT 2022"]
[Source "ChessBase"]
[SourceDate "2021.10.06"]
[SourceVersion "1"]
[SourceVersionDate "2021.10.06"]
[SourceQuality "1"]

1. e4 e5 2. Nf3 Nc6 3. Bb5 a6 4. Ba4 Nf6 5. 0-0 Nxe4 6. Re1 Nc5 7. Bxc6 bxc6 8. Nxe5 Be7 9. d4 Ne6 10. c3 0-0 11. Nd2 Bb7 12. Ndf3 d6 13. Nd3 Re8 14. Nf4 Nxf4 15. Bxf4 Rb8 16. b3 Bf6 17. Qd2 Rxe1+ 18. Rxe1 c5 19. d5 Bc8 20. Bg5 Bg4 21. Bxf6 Qxf6 22. Qd3 Bxf3 23. Qxf3 Qxf3 24. gxf3 Kf8 25. f4 Re8 26. Rxe8+ Kxe8 27. Kg2 Ke7 28. Kf3 Kf6 29. Ke4 g6 30. h3 g5 31. fxg5+ Kxg5 32. Kf3 Kf5 33. c4 1/2-1/2